Statistics for Biggest World Cities (A-Z by Last Letter) Beginning with B

Click here to take the quiz!

General Stats

  • This quiz has been taken 155 times
  • The average score is 12 of 26

Answer Stats

CountryStartsPlaceEndsPopulation% Correct
ColombiaBBogotaA7.8m
98%
ThailandBBangkokK8.7m
97%
IraqBBaghdadD7.1m
94%
ChinaBBeijingG21.5m
93%
LebanonBBeirutT2.4m
93%
GermanyBBerlinN3.5m
93%
AzerbaijanBBakuU2.2m
89%
ArgentinaBBuenos AiresS3.0m
89%
IndiaBBangaloreE8.4m
86%
MaliBBamakoO2.0m
83%
FranceBBordeauxX957k
81%
BrazilBBelemM2.3m
59%
IndiaBBhopalL1.7m
46%
NigeriaBBenin CityY1.6m
20%
PolandBBydgoszczZ349k
20%
RomaniaBBrasovV253k
18%
USABBarstowW29k
12%
IndonesiaBBekasiI2.9m
7%
IndonesiaBBogorR1.1m
7%
AlgeriaBBurdj Bou ArreridjJ158k
4%
IsraelBBene BeraqQ152k
1%
VietnamBBao LocC92k
0%
BangladeshBBhairabB93k
0%
IndiaBBihar SharifF364k
0%
VietnamBBuon TrapP23k
0%
Saudi ArabiaBBuraydahH652k
0%

Score Distribution

Percentile by Number Answered

Percent of People with Each Score

Your Score History

You have not taken this quiz